000 00475nam a2200169 4500
003 SEACOMMC
005 20250502135016.0
008 250213b |||||||| |||| 00| 0 eng d
020 _a978-0-07-060168-0
_cRs.240.00
040 _aSEACOMMC
082 _a005.73
_bL 767
100 _a Lipschutz, Seymour
245 1 _aData Structures /
_cSeymour Lipschutz
_dAdapted by G A V Pai
260 _a New Delhi
_bTata McGraw Hill
_c 2006
650 _aComputer Science
942 _cBOOK
999 _c1083
_d1083